000 01333nam#a2200373#a#4500
001 vtls000818906
003 NLI
005 20210627054909.0
008 110331s1894 enk 000 1 eng
039 9 _y201103311834
_zDatasoft
040 0 _aNLI
_beng
_cRetro_DSC 1
_eAACR2
041 0 _aeng
044 _aenk
082 0 4 _a827.5
100 1 _aGulliver, Lemuel
_9788287
245 1 0 _aTravels into several remote nations of the world /
_cby Lemuel Gulliver ; with a preface by Henry Craik ' and one hundred illustrations by Charles E. Brock
260 _aLondon :
_bMacmillan,
_c1894
300 _axxx, 381 p. ;
_c18 cm.
500 _aIn 2 parts: pt. II has separate t.p. and paging
500 _aEngraved frontispiece; head and tail pieces; initials
500 _aA spurious work: not written by Swift
500 _aUniform with the 1st edition of Gulliver's travels
650 0 _aTravelers
_vFiction
_9778741
650 0 _aTravelers' writings, English
_9729806
650 0 _aTravelers' writings, European
_9791733
700 1 _aBrock, Charles E.,
_4ill
_9789373
710 2 _aAsutosh Collection (National Library, India)
887 _a
901 _a35705
_b07.01.1967
902 _aA.C 827.5 S 10 (1 )
949 _AVIRTUAITEM
_D10000
_X100
_6GAC000035705ENG
942 _2ddc
_cBKS
999 _aVIRTUA40
_c664355
_d664355